| 000 | 00565nam a2200193Ia 4500 | ||
|---|---|---|---|
| 008 | 151119s9999||||xx |||||||||||||| ||und|| | ||
| 082 | _a927.91 | ||
| 082 | _bGKKV12198 | ||
| 100 | _aऔरंगाबादकर अनुराधा | ||
| 245 | _aदेव आनंद | ||
| 260 | _a-- | ||
| 260 | _b-- | ||
| 260 | _c1996 | ||
| 600 | _aऔरंगाबादकर अनुराधा | ||
| 630 | _aदेव आनंद | ||
| 700 | _aऔरंगाबादकर अनुराधा | ||
| 730 | _aदेव आनंद | ||
| 942 | _cBOOK | ||
| 999 |
_c1066081 _d1066078 |
||